Contagios, regímenes cambiarios y monedas supranacionales (Registro nro. 28974)
[ vista simple ]
| 000 -LEADER | |
|---|---|
| fixed length control field | 00385 a2200109 4500 |
| 001 - CONTROL NUMBER | |
| control field | ART_26000 |
| 005 - DATE AND TIME OF LATEST TRANSACTION | |
| control field | 20260410161935.0 |
| 008 - FIXED-LENGTH DATA ELEMENTS--GENERAL INFORMATION | |
| fixed length control field | 260409a |
| 100 1# - MAIN ENTRY--PERSONAL NAME | |
| Personal name | Sturzenegger, Adolfo |
| 245 10 - TITLE STATEMENT | |
| Title | Contagios, regímenes cambiarios y monedas supranacionales |
| 773 0# - HOST ITEM ENTRY | |
| Title | Anales de la Academia Nacional de Ciencias Económicas |
| Related parts | - Vol. XLIV, (1999) (ene. 2000) |
| Record control number | REV25596 |
No hay ítems disponibles.